Юбилейные чтения (Запись № 1212683)

Подробности
000 -МАРКЕР
контрольное поле 03127nam0a2200469 4500
001 - ИДЕНТИФИКАТОР ЗАПИСИ
контрольное поле RU\NLR\bibl\1708690
005 - ИДЕНТИФИКАТОР ВЕРСИИ
контрольное поле 20260408011317.0
010 ## - МЕЖДУНАРОДНЫЙ СТАНДАРТНЫЙ НОМЕР КНИГИ (ISBN)
Номер (ISBN) 978-5-87203-285-1
Тираж 500
021 ## - НОМЕР ГОСУДАРСТВЕННОЙ РЕГИСТРАЦИИ
Код страны
Номер 09-93283
035 ## - ДРУГИЕ СИСТЕМНЫЕ НОМЕРА
Идентификатор записи (nilc)RSL-KNO-004415504
035 ## - ДРУГИЕ СИСТЕМНЫЕ НОМЕРА
Идентификатор записи (NLR Aleph) 001699730
100 ## - ДАННЫЕ ОБЩЕЙ ОБРАБОТКИ
Данные общей обработки 20091120d2009 |||y0rusy50 ca
101 0# - ЯЗЫК РЕСУРСА
Язык текста, звукозаписи и т.д. русский
Язык резюме английский
102 ## - СТРАНА ПУБЛИКАЦИИ ИЛИ ПРОИЗВОДСТВА
Страна публикации Российская Федерация
105 ## - ПОЛЕ КОДИРОВАННЫХ ДАННЫХ: ТЕКСТОВЫЕ МАТЕРИАЛЫ, МОНОГРАФИЧЕСКИЕ
Кодированные данные о монографическом текстовом документе y |||||||||
200 1# - ЗАГЛАВИЕ И СВЕДЕНИЯ ОБ ОТВЕТСТВЕННОСТИ
Основное заглавие Юбилейные чтения
Сведения, относящиеся к заглавию сборник статей всероссийской научно-практической конференции, 23-26 сентября 2009 года
Первые сведения об ответственности [под общ. ред. проф. Семина А.Н., Воронина Б.А.]
210 ## - ПУБЛИКАЦИЯ, РАСПРОСТРАНЕНИЕ И ДР.
Место издания, распространения и т.д. Екатеринбург
Имя издателя, распространителя и т. д. Изд-во УрГСХА
Дата издания, распространения и т.д. 2009
215 ## - ФИЗИЧЕСКАЯ ХАРАКТЕРИСТИКА
Специфическое обозначение материала и объем 285, [6] с.
Другие сведения о физической характеристике ил., табл.
Размеры 20
300 ## - ОБЩИЕ ПРИМЕЧАНИЯ
Текст примечания В надзаг.: М-во сельского хоз-ва РФ, М-во сельского хоз-ва и продовольствия Свердловской обл., ФГОУ ВПО Уральская гос. с.-х акад., Каф. овощеводства и плодоводства им. проф. Н. Ф. Коняева, ГНУ Свердловская селекционная станция садоводства [и др.]
300 ## - ОБЩИЕ ПРИМЕЧАНИЯ
Текст примечания Всероссийская научно-практическая конференция "Актуальные вопросы овощеводства и садоводства", посвящена 80-ти летию профессоров Юриной Анны Васильевны и Котова Леонида Андрияновича
300 ## - ОБЩИЕ ПРИМЕЧАНИЯ
Текст примечания Рез. англ.
320 ## - ПРИМЕЧАНИЯ О НАЛИЧИИ В ДОКУМЕНТЕ БИБЛИОГРАФИИ / УКАЗАТЕЛЯ
Текст примечания Библиогр. в конце ст.
600 #1 - ИМЯ ЛИЦА КАК ПРЕДМЕТ
Начальный элемент ввода Юрина
Часть имени, кроме начального элемента ввода А.В.
Даты 1929
Расширение инициалов личного имени Анна Васильевна
Системный номер авторитетной/нормативной записи 2625753
Идентификатор авторитетной/нормативной записи RU\NLR\auth\661562313
600 #1 - ИМЯ ЛИЦА КАК ПРЕДМЕТ
Начальный элемент ввода Котов
Часть имени, кроме начального элемента ввода Л.А.
Даты 1929
Расширение инициалов личного имени Леонид Андриянович
Системный номер авторитетной/нормативной записи 2625754
Идентификатор авторитетной/нормативной записи RU\NLR\auth\661562314
606 1# - НАИМЕНОВАНИЕ ТЕМЫ КАК ПРЕДМЕТ
Наименование темы Плодоводство
Формальный подзаголовок Съезды, совещания и т.п.
Системный номер авторитетной/нормативной записи 892478
Идентификатор авторитетной/нормативной записи RU\NLR\auth\662745
606 1# - НАИМЕНОВАНИЕ ТЕМЫ КАК ПРЕДМЕТ
Наименование темы Овощеводство
Формальный подзаголовок Съезды, совещания и т.п.
Системный номер авторитетной/нормативной записи 1115703
Идентификатор авторитетной/нормативной записи RU\NLR\auth\66121646
686 ## - ИНДЕКСЫ ДРУГИХ КЛАССИФИКАЦИЙ
Индекс П1я431(2)
Код системы
686 ## - ИНДЕКСЫ ДРУГИХ КЛАССИФИКАЦИЙ
Индекс П25я431(2)
686 ## - ИНДЕКСЫ ДРУГИХ КЛАССИФИКАЦИЙ
Индекс П24я431(2)
686 ## - ИНДЕКСЫ ДРУГИХ КЛАССИФИКАЦИЙ
Индекс П24д(2)Юрина
686 ## - ИНДЕКСЫ ДРУГИХ КЛАССИФИКАЦИЙ
Индекс П25д(2)Котов
702 #1 - ИМЯ ЛИЦА - ВТОРИЧНАЯ ОТВЕТСТВЕННОСТЬ
Начальный элемент ввода Семин
Часть имени, кроме начального элемента ввода А. Н.
Расширение инициалов личного имени Александр Николаевич
Код отношения Редактор
711 12 - НАИМЕНОВАНИЕ ОРГАНИЗАЦИИ - АЛЬТЕРНАТИВНАЯ ОТВЕТСТВЕННОСТЬ
Начальный элемент ввода "Актуальные вопросы овощеводства и садоводства", всероссийская научно-практическая конференция
Место проведения временной организации Екатеринбург
Дата проведения временной организации 2009
Системный номер авторитетной/нормативной записи 841914
Идентификатор авторитетной/нормативной записи RU\NLR\AUTH\8810173043
711 12 - НАИМЕНОВАНИЕ ОРГАНИЗАЦИИ - АЛЬТЕРНАТИВНАЯ ОТВЕТСТВЕННОСТЬ
Начальный элемент ввода Агропромышленный форум Уральского федерального округа
Порядковый номер временной организации и / или порядковый номер ее части 4
Место проведения временной организации Екатеринбург
Дата проведения временной организации 2009
Системный номер авторитетной/нормативной записи 841930
Идентификатор авторитетной/нормативной записи RU\NLR\AUTH\8810173049
801 #0 - ИСТОЧНИК ЗАПИСИ
Страна Российская Федерация
Организация РГБ
Дата составления 20091120
Правила каталогизации rcr
801 #1 - ИСТОЧНИК ЗАПИСИ
Страна Российская Федерация
Организация РГБ
Дата составления 20091120
801 #2 - ИСТОЧНИК ЗАПИСИ
Страна Российская Федерация
Организация NLR
Дата составления 20100604
Правила каталогизации rcr
942 ## - ДОПОЛНИТЕЛЬНЫЕ ЭЛЕМЕНТЫ ЗАПИСИ (АБИС)
Тип экземпляра АБИС Книга
980 ## - КОЛЛЕКЦИЯ
Название коллекции Национальная библиография
Экземпляры
Тип экземпляра Дата поступления Источник поступления Библиотека постоянного хранения Библиотека текущего хранения Место хранения Шифр хранения Штрих-код Статус экземпляра
Книга 02.12.2010 Контрольный экземпляр из типографии РНБ (Московский) РНБ (Московский) Русский книжный фонд: издания с 1957 года 2010-3/40120 3308128  
Книга 09.11.2011 Контрольный экземпляр из типографии РНБ (Московский) РНБ (Московский) Русский книжный фонд: издания с 1957 года 2010-3/40120 3527674